[Event "It"]
[Site "Harkany HUN"]
[Date "2000.02.19"]
[Round "3"]
[White "Belotelov,D"]
[Black "Flumbort,A"]
[Result "1/2-1/2"]
[WhiteElo "2280"]
[BlackElo "2260"]

1.d4 Nf6 2.c4 g6 3.Nc3 d5 4.cxd5 Nxd5 5.e4 Nxc3 6.bxc3 Bg7 7.Nf3 c5 8.Bb5+ Nc6
9.O-O cxd4 10.cxd4 O-O 11.Be3 Bg4 12.Bxc6 bxc6 13.Rc1 Qa5 14.Rxc6 Qxa2 15.Rc7 Qe6
16.h3 Qd6 17.Rc4 Bxf3 18.Qxf3 Qd7 19.Ra1 Rfc8 20.Rca4 Qb7 21.Bd2 Rc2 22.Qd3 Qb2
23.Be3 a5 24.Qa3 Qxa3 25.R1xa3 f5 26.e5 Rb8 27.Ra2 Rb4 28.f4 Rxa2 29.Rxa2 a4
30.d5 Kf7 31.Kf2 Ke8 32.Ke2 Rb5 33.Rxa4 Rxd5 34.Ra7 Rd7 35.Ra6 Rd8 36.Bb6 Rc8
37.Ba5 Rb8 38.Kd3 Bh6 39.g3 Kf8 40.Kc4 Kf7 41.h4 Bg7 42.Bb4 Rd8 43.Bc5 Bh6
44.e6+ Kf8 45.Ra7 Re8 46.Bd4 Bg7 47.Be5 Bxe5 48.fxe5 Rd8 49.Kc5 Ke8 50.Ra2 Rd1
51.h5 Rc1+ 52.Kd4 Kd8 53.hxg6 hxg6 54.Ra8+ Rc8 55.Ra1 Rc6 56.Kd5 Rc2 57.Rh1 Rd2+
58.Kc4 Re2 59.Kd4 Rd2+ 60.Ke3 Rd5 61.Kf4 Rd4+ 62.Kg5 Rg4+ 63.Kh6 Rxg3 64.Rd1+ Ke8
65.Ra1 Kd8 66.Kg7 f4 67.Ra8+ Kc7 68.Re8 f3 69.Rxe7+ Kd8 70.Ra7 f2 71.Rf7 f1=Q
72.Rxf1 Ke7  1/2-1/2

[Event "Open"]
[Site "Cannes FRA"]
[Date "2000.02.20"]
[Round "1"]
[White "Plachkinova,T"]
[Black "Bernard,Ja"]
[Result "0-1"]
[WhiteElo "2071"]
[BlackElo "2227"]

1.d4 Nf6 2.c4 g6 3.Nc3 d5 4.cxd5 Nxd5 5.e4 Nxc3 6.bxc3 Bg7 7.Nf3 c5 8.Rb1 O-O
9.Be2 cxd4 10.cxd4 Qa5+ 11.Bd2 Qxa2 12.d5 f5 13.exf5 Bxf5 14.Rc1 Nd7 15.O-O Rac8
16.Bb4 Rxc1 17.Qxc1 Qxe2 18.Re1 Qb2 19.Qc4 Nb6 20.Qc5 Rc8 21.Qa5 Nc4 22.Qa4 a5
23.Bxe7 b5 24.Qd1 Qc2 25.Qxc2 Bxc2 26.d6 Bf5 27.Ng5 h6 28.Ne6 Bxe6 29.Rxe6 Nxd6  0-1

[Event "16th open"]
[Site "Cappelle La Grande FRA"]
[Date "2000.02.20"]
[Round "2"]
[White "Shneider,A"]
[Black "Narciso Dublan,M"]
[Result "1/2-1/2"]
[WhiteElo "2551"]
[BlackElo "2468"]

1.d4 Nf6 2.c4 g6 3.Nc3 d5 4.cxd5 Nxd5 5.e4 Nxc3 6.bxc3 Bg7 7.Bc4 O-O 8.Ne2 b6
9.h4 Nc6 10.h5 Na5 11.Bd3 e5 12.hxg6 fxg6 13.Be3 exd4 14.cxd4 Qe7 15.Rc1 Bb7
16.f3 Rad8 17.Bd2 Nc6 18.Qb3+ Kh8 19.d5 Ne5 20.Bb1 Rfe8 21.f4 Bxd5 22.Qh3 Bg8
23.fxe5 Rxd2 24.Kxd2 Bxe5 25.Nc3 Qb4 26.Ke2 Re6 27.Rcd1 Rd6 28.Rd3 Qxe4+
29.Kd2 Qb4 30.Kc2 Qe4 31.Kb2 Qb4+ 32.Kc2 Qe4  1/2-1/2

[Event "16th open"]
[Site "Cappelle La Grande FRA"]
[Date "2000.02.20"]
[Round "2"]
[White "Handke,F"]
[Black "Neverov,V"]
[Result "0-1"]
[WhiteElo "2413"]
[BlackElo "2541"]

1.d4 Nf6 2.c4 g6 3.Nc3 d5 4.cxd5 Nxd5 5.e4 Nxc3 6.bxc3 Bg7 7.Nf3 O-O 8.Be2 b6
9.O-O Bb7 10.Qd3 Nd7 11.e5 c5 12.Bf4 e6 13.Rad1 cxd4 14.cxd4 Bd5 15.a4 Rc8
16.Qe3 Rc2 17.Rc1 Qc7 18.Bb5 Rxc1 19.Rxc1 Qb7 20.Qc3 Nb8 21.Ne1 a6 22.Be2 Nc6
23.Nc2 Ne7 24.Nb4 Bxg2 25.Nxa6 Qe4 26.Qe3 Qa8 27.Bb5 Nf5 28.Qc3 Qe4 29.Bg3 Nxd4
30.f3 Bxf3 31.Re1 Qg4 32.Bf1 Bb7 33.Kf2 Rc8 34.Qd3 Nf3 35.Rb1 Nxe5 36.Qe3 Qf5+  0-1

[Event "16th open"]
[Site "Cappelle La Grande FRA"]
[Date "2000.02.20"]
[Round "2"]
[White "Atalik,S"]
[Black "Karr,JP"]
[Result "1/2-1/2"]
[WhiteElo "2575"]
[BlackElo "2304"]

1.d4 Nf6 2.c4 g6 3.Nc3 d5 4.cxd5 Nxd5 5.e4 Nxc3 6.bxc3 Bg7 7.Be3 c5 8.Qd2 Qa5
9.Nf3 Nc6 10.Rc1 cxd4 11.cxd4 Qxd2+ 12.Kxd2 O-O 13.d5 Rd8 14.Ke1 Nb4 15.Bd2 Na6
16.Bxa6 bxa6 17.Ba5 Rd7 18.Nd2 f5 19.f3 fxe4 20.fxe4 e6 21.dxe6 Re7 22.Bb4 Rxe6
23.Rc7 Be5 24.Rc4 Bd7 25.g3 Bb5 26.Rc1 Bd4 27.Kd1 Rd8 28.Ba5 Rd7 29.Rc8+ Kg7
30.Kc2 Be3 31.Bc3+ Kh6 32.Nc4 Ba4+  1/2-1/2

[Event "Open"]
[Site "Cannes FRA"]
[Date "2000.02.21"]
[Round "2"]
[White "Derieux,C"]
[Black "Marzolo,C"]
[Result "0-1"]
[WhiteElo "2202"]
[BlackElo "2396"]

1.d4 Nf6 2.c4 g6 3.Nc3 d5 4.cxd5 Nxd5 5.e4 Nxc3 6.bxc3 Bg7 7.Bc4 c5 8.Ne2 Nc6
9.Be3 O-O 10.h4 Qa5 11.Kf1 b6 12.h5 Ba6 13.Bxa6 Qxa6 14.hxg6 hxg6 15.Kg1 cxd4
16.cxd4 Rfd8 17.d5 Rac8 18.Ng3 Nb4 19.Bd4 Qd3 20.Bxg7 Qxd1+ 21.Rxd1 Kxg7
22.a3 Nc2 23.Rd3 e6 24.d6 e5 25.Nf5+ Kf6 26.Ne7 Rc4 27.Rf3+ Ke6 28.Rh7 Kxd6
29.Rhxf7 Kc5 30.Nxg6 Nd4 31.Nxe5 Ne2+ 32.Kf1 Rc2 33.g3 Nc3 34.Kg2 Nxe4  0-1

[Event "16th open"]
[Site "Cappelle La Grande FRA"]
[Date "2000.02.21"]
[Round "4"]
[White "Johannessen,LE"]
[Black "Gormally,D"]
[Result "0-1"]
[WhiteElo "2431"]
[BlackElo "2504"]

1.d4 Nf6 2.c4 g6 3.Nc3 d5 4.cxd5 Nxd5 5.e4 Nxc3 6.bxc3 Bg7 7.Nf3 c5 8.Rb1 O-O
9.Be2 cxd4 10.cxd4 Qa5+ 11.Bd2 Qxa2 12.O-O Bd7 13.Re1 Rc8 14.Bd3 Bg4 15.d5 Nd7
16.Rxb7 Rab8 17.Rxb8 Rxb8 18.Qc1 Qb2 19.Bf4 Rb3 20.Bc4 Rb4 21.d6 e6 22.Bd3 e5
23.Be3 Qxc1 24.Rxc1 Bf8 25.Bxa7 Bxd6 26.Bc4 Bxf3 27.gxf3 Kg7 28.Be3 Bc5 29.Kf1 Bxe3
30.fxe3 g5 31.Rc2 g4 32.fxg4 Nf6 33.Bd3 Nxe4 34.Kg2 Nf6 35.Bf5 Nxg4 36.Bxg4 Rxg4+
37.Kf3 h5 38.Rc6 e4+ 39.Kf2 h4 40.Rc2 Kg6 41.Kf1 Rg5 42.Rc4 Kf5 43.Ra4 f6
44.Rb4 Rg7 45.Rb2 Rc7 46.Rf2+ Ke5 47.Ra2 f5 48.Ra5+ Kf6 49.Ra2 Rc5 50.Kf2 Ke5
51.Rb2 f4 52.exf4+ Kxf4 53.Ra2 h3 54.Ra8 Rc2+ 55.Kg1 Rc1+ 56.Kf2 Rc2+ 57.Kg1 Kf3  0-1

[Event "Jersey Open"]
[Site "St Helier JCI"]
[Date "2000.02.22"]
[Round "3"]
[White "Gilbert,Je"]
[Black "Wojciechowski,P"]
[Result "1/2-1/2"]
[WhiteElo "2050"]
[BlackElo "2165"]

1.d4 Nf6 2.c4 g6 3.Nc3 d5 4.cxd5 Nxd5 5.e4 Nxc3 6.bxc3 Bg7 7.Bc4 c5 8.Ne2 Nc6
9.Be3 O-O 10.O-O Qc7 11.Rc1 Rd8 12.Qd2 Na5 13.Bd3 e6 14.Rfd1 c4 15.Bc2 b5
16.f3 Nb7 17.Qe1 a5 18.Rb1 Bd7 19.Qh4 Re8 20.e5 Nd8 21.Ng3 Bc6 22.Be4 Rb8
23.Bxc6 Nxc6 24.Ne4 Ne7 25.g4 Nd5 26.Bg5 b4 27.Rbc1 bxc3 28.Nxc3 Nxc3 29.Rxc3 Rec8  1/2-1/2

[Event "16th open"]
[Site "Cappelle La Grande FRA"]
[Date "2000.02.23"]
[Round "6"]
[White "Vavrak,P"]
[Black "Turov,M"]
[Result "0-1"]
[WhiteElo "2360"]
[BlackElo "2526"]

1.d4 Nf6 2.c4 g6 3.Nc3 d5 4.cxd5 Nxd5 5.e4 Nxc3 6.bxc3 Bg7 7.Nf3 O-O 8.Be2 c5
9.Rb1 Nd7 10.O-O Qc7 11.Bg5 Nf6 12.Qd3 h6 13.Bd2 b6 14.d5 e6 15.d6 Qc6 16.e5 Nd7
17.Bf4 Bb7 18.Qe3 Qe4 19.Qd2 Nxe5 20.Rfe1 Nc4 21.Qc1 g5 22.Bg3 Bd5 23.h4 f6
24.hxg5 hxg5 25.Bf1 Qg4 26.Nd2 e5 27.Re4 Bxe4 28.Bxc4+ Kh8 29.Nxe4 Qxe4 30.Qf1 f5
31.Re1 Qc6 32.Bxe5 Bxe5 33.Rxe5 Qxd6 34.Re6 Qd2 35.g3 g4 36.Qg2 Qc1+ 37.Bf1 Rae8
38.Qh1+ Kg7 39.Rd6 Qg5 40.Qd5 Re7 41.Bc4 Qc1+ 42.Kg2 Qxc3  0-1

[Event "Open"]
[Site "Cannes FRA"]
[Date "2000.02.25"]
[Round "6"]
[White "Derieux,C"]
[Black "Pascal,P"]
[Result "1-0"]
[WhiteElo "2202"]
[BlackElo "2052"]

1.d4 Nf6 2.c4 g6 3.Nc3 d5 4.cxd5 Nxd5 5.e4 Nxc3 6.bxc3 Bg7 7.Bc4 O-O 8.Ne2 c5
9.Be3 Nc6 10.h4 cxd4 11.cxd4 Re8 12.h5 e5 13.hxg6 hxg6 14.d5 Nd4 15.O-O b5
16.Bb3 Qh4 17.Nxd4 exd4 18.Bxd4 Re5 19.Bxe5 Bxe5 20.f4 Bxf4 21.Rxf4 Qxf4
22.Qf3 Qe5 23.Rf1 Qd4+ 24.Kh2 Qh8+ 25.Kg1 Qd4+ 26.Qf2 Qxf2+ 27.Kxf2 Bd7 28.Ke3 Rc8
29.d6 Rf8 30.Kd4 Kg7 31.Rc1 Rc8 32.Rxc8 Bxc8 33.Kc5 Bd7 34.Bd5 Kf6 35.Bc6 Ke6
36.Bxd7+ Kxd7 37.e5 b4 38.Kxb4 f6 39.exf6 Kxd6 40.Kb5 Ke6 41.Ka6 Kxf6 42.Kxa7  1-0

[Event "16th open"]
[Site "Cappelle La Grande FRA"]
[Date "2000.02.25"]
[Round "8"]
[White "Haba,P"]
[Black "Skytte,R"]
[Result "1-0"]
[WhiteElo "2517"]
[BlackElo "2346"]

1.d4 Nf6 2.c4 g6 3.Nc3 d5 4.cxd5 Nxd5 5.e4 Nxc3 6.bxc3 Bg7 7.Nf3 c5 8.Rb1 O-O
9.Be2 cxd4 10.cxd4 Qa5+ 11.Bd2 Qxa2 12.O-O Bg4 13.Bg5 h6 14.Be3 Nc6 15.d5 Ne5
16.Rxb7 e6 17.Re1 Bxf3 18.gxf3 Rfd8 19.d6 Qa5 20.Rf1 Bf8 21.d7 Qa2 22.Bb5 a6
23.Ba4 Nxf3+ 24.Kg2 Nh4+ 25.Kh3 Qc4 26.f3 Be7 27.Rf2 Qc3 28.Qd4 Qa5 29.Bxh6 Bf8
30.Bxf8 Rxf8 31.Kxh4 Kh7 32.Kh3  1-0

[Event "Open"]
[Site "Cannes FRA"]
[Date "2000.02.27"]
[Round "8"]
[White "Letreguilly,O"]
[Black "Blandnet,JM"]
[Result "1-0"]
[WhiteElo "2260"]
[BlackElo "2149"]

1.d4 Nf6 2.c4 g6 3.Nc3 d5 4.cxd5 Nxd5 5.e4 Nxc3 6.bxc3 Bg7 7.Nf3 c5 8.Rb1 O-O
9.Be2 cxd4 10.cxd4 Qa5+ 11.Bd2 Qxa2 12.O-O Bg4 13.Bg5 h6 14.Be3 Nc6 15.d5 Ne5
16.Rxb7 e6 17.Re1 Bxf3 18.gxf3 Rfd8 19.Rb4 Qa3 20.Ra4 Qf8 21.Ba6 f5 22.Kg2 exd5
23.exd5 Qf7 24.d6 Kh7 25.Bf4 Re8 26.Bb5 Nd7 27.Re7 Rxe7 28.dxe7 Nf6 29.Qd8 Qg8
30.Bc7 Qd5 31.Qxd5 Nxd5 32.Bc6 Nxc7 33.Bxa8  1-0

[Event "ch-Serbia"]
[Site "Kragujevac YUG"]
[Date "2000.02.27"]
[Round "9"]
[White "Bodiroga,P"]
[Black "Dinic,Dr"]
[Result "1/2-1/2"]
[WhiteElo "2439"]
[BlackElo "2330"]

1.d4 Nf6 2.c4 g6 3.Nc3 d5 4.cxd5 Nxd5 5.e4 Nxc3 6.bxc3 Bg7 7.Nf3 O-O 8.Be2 c5
9.h3 b6 10.Be3 Bb7 11.Qd3 Ba6 12.Qd2 Bxe2 13.Qxe2 Nc6 14.Rd1 cxd4 15.cxd4 Rc8
16.O-O Qd7 17.d5 Na5 18.Bg5 Rc5 19.Rc1 Rfc8 20.Rxc5 Rxc5 21.Rc1 Rxc1+ 22.Bxc1 e6
23.Bd2 exd5 24.exd5 Nb7 25.Qc4 Nc5 26.Be3 Qa4 27.Qe2 Qe4 28.Qd2 Nd7 29.Ng5 Qc4
30.Nf3 Qe4 31.Ng5 Qc4  1/2-1/2

[Event "Sufe Cup"]
[Site "Shanghai CHN"]
[Date "2000.03.03"]
[Round "1"]
[White "Aung Aung"]
[Black "Qin Kanying"]
[Result "1/2-1/2"]
[WhiteElo "2595"]
[BlackElo "2475"]

1.d4 Nf6 2.c4 g6 3.Nc3 d5 4.cxd5 Nxd5 5.e4 Nxc3 6.bxc3 Bg7 7.Ba3 O-O 8.Bc4 b6
9.Qf3 Qd7 10.Bd5 c6 11.Bb3 c5 12.Ne2 Nc6 13.Rd1 Ba6 14.dxc5 Qc7 15.Qe3 Ne5
16.cxb6 axb6 17.Bb4 Rfd8 18.Nd4 e6 19.a4 Nc4 20.Qc1 Rac8 21.Nb5 Bxb5 22.axb5 Nd6
23.O-O Nxb5 24.Rxd8+ Rxd8 25.Qe3 Nxc3 26.Bxc3 Bxc3 27.Rc1 Rc8 28.g3 b5 29.Kg2 b4
30.f4 Qc6 31.Qf3 Rd8 32.Rd1 Bd4 33.f5 gxf5 34.exf5 Qxf3+ 35.Kxf3 e5 36.Ke4 Rc8
37.g4 h6 38.h4 Rc3 39.Rd3 Rc1 40.g5 hxg5 41.hxg5 Rf1 42.g6 Rf4+ 43.Kd5 Rxf5
44.Rxd4 exd4+ 45.Kxd4 Kf8 46.gxf7 Ke7 47.Kc4 Rxf7 48.Kxb4 Rf4+ 49.Kc5  1/2-1/2

[Event "Oz.com qualifier blitz"]
[Site "Internet ICC"]
[Date "2000.03.05"]
[Round "1"]
[White "Pacheco,D"]
[Black "Golod,V"]
[Result "0-1"]
[WhiteElo "2262"]
[BlackElo "2566"]

1.d4 Nf6 2.c4 g6 3.Nc3 d5 4.cxd5 Nxd5 5.e4 Nxc3 6.bxc3 Bg7 7.Bc4 c5 8.Ne2 Nc6
9.Be3 O-O 10.Rc1 Bg4 11.f3 Bd7 12.h4 Rc8 13.Qd2 Qa5 14.h5 cxd4 15.cxd4 Rfd8
16.hxg6 hxg6 17.Nc3 Ne5 18.Bb3 Nc4 19.Bxc4 Rxc4 20.O-O Rdc8 21.Nd5 Qxd2 22.Bxd2 Bxd4+
23.Kh2 Rxc1 24.Rxc1 Rxc1 25.Bxc1 e6 26.Be3 Bxe3 27.Nxe3 e5 28.Kg1 Be6 29.a3 Kf8
30.Kf2 Ke7 31.Ke2 Kd6 32.Kd2 Kc5 33.Kc3 b5 34.Nc2 a5 35.Ne1 Bc4 36.Nc2 g5
37.Ne3 b4+ 38.axb4+ axb4+ 39.Kd2 Be6 40.Kd3 Kb5 41.Kc2 Ka4 42.Kb2 b3 43.Nd1 Kb4
44.Ne3 Kb5 45.Kc3 Ka4 46.Nd1 Ka3 47.Nb2 Bd7 48.Nc4+ Ka2 49.g3 Bb5 50.Nd2 b2
51.Kb4 Be2 52.Kc5 Bxf3 53.Kd5 f5 54.Kxe5 fxe4 55.Kd4 b1=Q 56.Nxb1 Kxb1  0-1

[Event "Oz.com qualifier blitz"]
[Site "Internet ICC"]
[Date "2000.03.05"]
[Round "1"]
[White "Shipov,S"]
[Black "Mont Reynaud,J"]
[Result "1-0"]
[WhiteElo "2640"]
[BlackElo "2282"]

1.d4 Nf6 2.c4 g6 3.Nc3 d5 4.cxd5 Nxd5 5.e4 Nxc3 6.bxc3 Bg7 7.Nf3 c5 8.Rb1 O-O
9.Be2 cxd4 10.cxd4 Qa5+ 11.Bd2 Qxa2 12.O-O Bg4 13.Be3 Rd8 14.Rxb7 Nc6 15.d5 e6
16.Rxf7 exd5 17.Rc7 Bxf3 18.Bxf3 dxe4 19.Qe2 Qd5 20.Bg4 Ne5 21.Rxa7 Rxa7
22.Bxa7 h5 23.Bh3 Ra8 24.Be3 Ra2 25.Qd1 Nd3 26.Qb1 Kh7 27.Qb8 Rb2 28.Qc8 Qb5
29.Be6 Qb8 30.Qxb8 Rxb8 31.Bd5 Re8 32.Rb1 Re7 33.h3 Bc3 34.Rb6 Kg7 35.Rb8 Nb4
36.Bc4 Kf6 37.Rc8 Be5 38.h4 Kg7 39.Rg8+ Kh7 40.Rd8 Rc7 41.Bb3 Nd3 42.g3 Rb7
43.Bd5 Rb1+ 44.Kh2 Rd1 45.Rd7+ Kh8 46.Rd8+ Kh7 47.Rd7+ Kh8 48.Bc6 Nxf2 49.Bxf2 Rxd7
50.Bxd7 Bf6 51.Be3 Kg7 52.Bc6 g5 53.hxg5 Be5 54.Kh3  1-0

[Event "Oz.com qualifier blitz"]
[Site "Internet ICC"]
[Date "2000.03.05"]
[Round "1"]
[White "Kosyrev,V"]
[Black "Garcia,Ri"]
[Result "1-0"]
[WhiteElo "2474"]
[BlackElo "2275"]

1.d4 Nf6 2.c4 g6 3.Nc3 d5 4.cxd5 Nxd5 5.e4 Nxc3 6.bxc3 Bg7 7.Bb5+ c6 8.Ba4 O-O
9.Ne2 c5 10.O-O Qa5 11.Be3 Rd8 12.Bb3 Nc6 13.Rc1 Qc7 14.d5 Ne5 15.c4 Ng4
16.Bf4 Be5 17.g3 Nf6 18.Qd3 Bh3 19.Rfe1 b6 20.Bxe5 Qxe5 21.Nc3 Qh5 22.f4 Ng4
23.Qf3 g5 24.e5 Kh8 25.f5 f6 26.e6 Qh6 27.Rc2 Ne5 28.Rxe5 fxe5 29.Re2 Qf6
30.g4 Qh6 31.Rxe5 Qh4 32.Re4 a6 33.f6 Rf8 34.f7 Rab8 35.Qg3 h5 36.gxh5 Qxh5
37.Bc2 b5 38.Qe5+ Kh7 39.Rh4+ Kh6 40.Rxh5+ Kxh5 41.Ne4  1-0

[Event "Oz.com qualifier blitz"]
[Site "Internet ICC"]
[Date "2000.03.05"]
[Round "1"]
[White "Rechlis,G"]
[Black "Salomon,M"]
[Result "1-0"]
[WhiteElo "2507"]
[BlackElo "2230"]

1.d4 Nf6 2.c4 g6 3.Nc3 d5 4.cxd5 Nxd5 5.e4 Nxc3 6.bxc3 Bg7 7.Bb5+ Bd7 8.Be2 c5
9.Nf3 cxd4 10.cxd4 Bc6 11.Qd3 Na6 12.Rb1 f5 13.exf5 Qa5+ 14.Bd2 Qxf5 15.Qxf5 gxf5
16.Ne5 Bd5 17.Bh5+ Kd8 18.O-O Bxe5 19.dxe5 Rg8 20.Rfd1 e6 21.h4 Rxg2+ 22.Kf1 Rh2
23.Bg5+ Kc7 24.Rbc1+ Bc6 25.Bf7 Rh1+ 26.Ke2 Rxd1 27.Kxd1 Kd7 28.Rc4 Nc7 29.Rd4+ Nd5
30.Ke1 Rf8 31.Bh5 Kc7 32.a3 Kb6 33.Bh6 Rg8 34.Bf7 Rg1+ 35.Kd2 Nc7 36.Bf8 Rb1
37.Bd6 Rb2+ 38.Ke1 Rb1+ 39.Ke2 Rb2+ 40.Ke1 Nb5 41.Rb4 Rxb4 42.Bxb4 Bd5 43.Bg8 h5
44.Bf7 Nd4 45.Bxh5 Nc2+ 46.Kd2 Nxb4 47.axb4 f4 48.Bg6 Bf3 49.h5  1-0

[Event "Oz.com qualifier blitz"]
[Site "Internet ICC"]
[Date "2000.03.05"]
[Round "2"]
[White "Pienabarca,N"]
[Black "Fernandez,La"]
[Result "0-1"]
[WhiteElo "2030"]
[BlackElo "2025"]

1.d4 Nf6 2.c4 g6 3.Nc3 d5 4.cxd5 Nxd5 5.e4 Nxc3 6.bxc3 Bg7 7.Nf3 O-O 8.Be2 c5
9.Rb1 Nc6 10.d5 Ne5 11.Nxe5 Bxe5 12.Qd2 Qa5 13.Rb3 Rd8 14.f4 Bg7 15.c4 Qxd2+
16.Bxd2 b6 17.e5 h5 18.Be3 Bf5 19.O-O Rab8 20.Bd3 Bxd3 21.Rxd3 b5 22.cxb5 Rxb5
23.Rc1 c4 24.Rxc4 Rbxd5 25.Rxd5 Rxd5 26.Ra4 a5 27.Bb6 Bh6 28.g3 g5 29.Bxa5 gxf4
30.gxf4 Bxf4 31.Rxf4 Rxa5 32.a4 Rxe5 33.Kg2 Kg7 34.Kg3 Kg6 35.Rd4 Re3+ 36.Kg2 Ra3
37.Re4 e6 38.Kf2 Kf5 39.Rh4 Kg5 40.Re4 h4 41.Kg2 h3+ 42.Kf2 Kf5 43.Rh4 e5
44.Rb4 e4 45.Rb7 f6 46.Ra7 Kf4 47.a5 Ra2+ 48.Kg1 f5 49.Rh7 Kg4 50.Rg7+ Kf3
51.Rg3+ Kf4 52.Rxh3 Rxa5 53.Rh4+ Kf3 54.Rh3+ Ke2 55.Ra3 Rxa3  0-1

[Event "Oz.com qualifier blitz"]
[Site "Internet ICC"]
[Date "2000.03.05"]
[Round "5"]
[White "Mikhalevski,V"]
[Black "Svidler,P"]
[Result "0-1"]
[WhiteElo "2499"]
[BlackElo "2672"]

1.d4 Nf6 2.c4 g6 3.Nc3 d5 4.cxd5 Nxd5 5.e4 Nxc3 6.bxc3 Bg7 7.Nf3 c5 8.h3 O-O
9.Be2 b6 10.O-O Bb7 11.Qd3 Nd7 12.Bg5 Nf6 13.d5 h6 14.Be3 e6 15.c4 exd5 16.exd5 Re8
17.Rad1 Ne4 18.Rc1 Bc8 19.Qb3 Bd7 20.Rfe1 Qf6 21.Nd2 Nd6 22.Bd3 Re7 23.Nf1 Rae8
24.Bd2 Rxe1 25.Rxe1 Rxe1 26.Bxe1 Qd4 27.a4 Qa1 28.Qb1 Qxb1 29.Bxb1 Nxc4 30.Ba2 Nd6
31.Bb3 c4 32.Bd1 a6 33.Bb4 Ne4 34.Ne3 b5 35.axb5 axb5 36.Bc2 Nc3 37.Kf1 Na2
38.Bc5 b4 39.Nxc4 Bb5 40.Bb3 Nc1 41.Kg1 Nxb3 42.Nd6 Nxc5 43.Nxb5 b3  0-1

[Event "Oz.com qualifier blitz"]
[Site "Internet ICC"]
[Date "2000.03.05"]
[Round "6"]
[White "Avrukh,B"]
[Black "Ricardi,P"]
[Result "1-0"]
[WhiteElo "2620"]
[BlackElo "2483"]

1.d4 Nf6 2.c4 g6 3.Nc3 d5 4.cxd5 Nxd5 5.e4 Nxc3 6.bxc3 Bg7 7.Bb5+ Bd7 8.Be2 c5
9.Nf3 Nc6 10.O-O cxd4 11.cxd4 Bg4 12.e5 O-O 13.Be3 Qd5 14.h3 Bf5 15.Nh4 Be6
16.Bf3 Qc4 17.Be2 Qd5 18.Rb1 Rfd8 19.Nf3 Qxa2 20.Rxb7 Nxe5 21.Nxe5 Bxe5 22.Rxe7 Bf6
23.Rc7 a5 24.Bf3 Bd5 25.Rc5 Be7 26.Bxd5 Rxd5 27.Rc7 Bd6 28.Rc2 Qa3 29.Qf3 Rd8
30.Rfc1 Bf8 31.Rc7 Rf5 32.Qb7 Qd3 33.Rc8 Rxc8 34.Qxc8 Kg7 35.Bh6+ Kxh6 36.Qxf8+ Kg5
37.Qg7 Qd2 38.Rf1 h5 39.g3 h4 40.f4+  1-0

[Event "FSIMB March"]
[Site "Budapest HUN"]
[Date "2000.03.10"]
[Round "5"]
[White "Gladyszev,O"]
[Black "Muehlbach,P"]
[Result "1-0"]
[WhiteElo "2349"]
[BlackElo "2172"]

1.d4 Nf6 2.c4 g6 3.Nc3 d5 4.cxd5 Nxd5 5.e4 Nxc3 6.bxc3 Bg7 7.Nf3 c5 8.Rb1 Nc6
9.d5 Ne5 10.Nxe5 Bxe5 11.Bb5+ Bd7 12.Bxd7+ Qxd7 13.c4 O-O 14.Bb2 Qc7 15.Bxe5 Qxe5
16.Qc2 e6 17.O-O b6 18.Rfe1 Rfe8 19.Qd2 exd5 20.cxd5 Rad8 21.f4 Qd6 22.Rbd1 f6
23.Qe3 b5 24.e5 Qb6 25.d6 f5 26.Rd5 c4 27.Qxb6 axb6 28.Rc1 Ra8 29.Rc2 Kf7
30.Rxb5 g5 31.Rxc4 Rxa2 32.Rc7+ Ke6 33.Rxb6 Rea8 34.h3 gxf4 35.Rb5  1-0

[Event "Dos Hermanas Qualifier"]
[Site "Internet ICC"]
[Date "2000.03.18"]
[Round "2.2"]
[White "Shipov,S"]
[Black "Shahade,G"]
[Result "1-0"]
[WhiteElo "2640"]
[BlackElo "2461"]

1.d4 Nf6 2.c4 g6 3.Nc3 d5 4.cxd5 Nxd5 5.e4 Nxc3 6.bxc3 Bg7 7.Nf3 c5 8.Rb1 O-O
9.Be2 cxd4 10.cxd4 Qa5+ 11.Qd2 Qxd2+ 12.Bxd2 b6 13.O-O Bb7 14.d5 Rc8 15.Rfc1 Nd7
16.Bb4 Kf8 17.Kf1 Ne5 18.Nxe5 Bxe5 19.h3 Bf4 20.Rxc8+ Rxc8 21.Bd3 f5 22.exf5 Bxd5
23.fxg6 hxg6 24.a4 a5 25.Be1 Rc6 26.g3 Bc7 27.Bd2 Ba2 28.Rc1 Bd5 29.Bb5 Rxc1+
30.Bxc1 Kf7 31.Be3 Bf3 32.h4 Ke6 33.Ke1 Kd6 34.Kd2 e5 35.Kd3 Kd5 36.Bc4+ Kd6
37.Bb5 Bg2 38.Be8 Bc6 39.Bxc6 Kxc6 40.Kc4 Bd8 41.f3 Be7 42.Bf2 Bf6 43.g4 Be7
44.h5 gxh5 45.gxh5 Bg5 46.Bg3 Bf6 47.h6 Bh8 48.Bh4 e4 49.fxe4 Be5 50.Bf2  1-0

[Event "NED-chT"]
[Site "Leeuwarden NED"]
[Date "2000.03.19"]
[Round "6"]
[White "Henrichs,T"]
[Black "Van de Mortel,J"]
[Result "1/2-1/2"]
[WhiteElo "2428"]
[BlackElo "2403"]

1.d4 Nf6 2.c4 g6 3.Nc3 d5 4.cxd5 Nxd5 5.e4 Nxc3 6.bxc3 Bg7 7.Nf3 c5 8.h3 O-O
9.Be2 Nc6 10.Be3 cxd4 11.cxd4 Qa5+ 12.Bd2 Qa3 13.d5 Ne5 14.Nxe5 Bxe5 15.Rb1 f5
16.O-O a5 17.Bc4 Kg7 18.exf5 Rxf5 19.Be3 b5 20.Bxb5 Qxa2 21.Qc1 h5 22.Be8 Bb7
23.Bxg6 Qxd5 24.Rxb7 Kxg6 25.Qb1 Kf6 26.Rd1 Qe6 27.Rb6 Bd6 28.Bd4+ Kg5 29.Be3+ Kf6
30.Re1 Qd5 31.Rd1  1/2-1/2

[Event "AB Puchko Mem"]
[Site "Alushta UKR"]
[Date "2000.03.21"]
[Round "3"]
[White "Alexandrova,O"]
[Black "Sulypa,A"]
[Result "1-0"]
[WhiteElo "2400"]
[BlackElo "2449"]

1.d4 Nf6 2.c4 g6 3.Nc3 d5 4.cxd5 Nxd5 5.e4 Nxc3 6.bxc3 Bg7 7.Bc4 c5 8.Ne2 O-O
9.O-O Nc6 10.Be3 Qc7 11.Rc1 Rd8 12.h3 a6 13.f4 b5 14.Bb3 Na5 15.f5 Nxb3 16.Qxb3 gxf5
17.exf5 Bb7 18.Rf4 Bd5 19.Qc2 Kh8 20.Rg4 Bf6 21.Rd1 Bb7 22.Bf4 Qc6 23.Be5 Rac8
24.Bxf6+ Qxf6 25.Qd3 cxd4 26.cxd4 Rg8 27.d5 Rxg4 28.hxg4 Rc4 29.Qa3 Qb6+
30.Kf1 Qd6 31.Qf3 f6 32.Kg1 Qb4 33.g5 Qc5+ 34.Kf1 fxg5 35.f6 Kg8 36.Qf5 exf6
37.Qe6+ Kf8 38.Qxf6+ Ke8 39.d6 Bd5  1-0

[Event "16th Spring Festival"]
[Site "Budapest HUN"]
[Date "2000.03.24"]
[Round "8"]
[White "Gladyszev,O"]
[Black "Szeberenyi,A"]
[Result "1/2-1/2"]
[WhiteElo "2349"]
[BlackElo "2257"]

1.d4 Nf6 2.c4 g6 3.Nc3 d5 4.cxd5 Nxd5 5.e4 Nxc3 6.bxc3 Bg7 7.Nf3 c5 8.Rb1 O-O
9.Be2 cxd4 10.cxd4 Qa5+ 11.Bd2 Qxa2 12.O-O b6 13.Qc1 Qe6 14.Re1 Ba6 15.Bd1  1/2-1/2

[Event "Cat XI Spring"]
[Site "Kiev UKR"]
[Date "2000.03.25"]
[Round "4"]
[White "Malakhatko,V"]
[Black "Vorobiov,E"]
[Result "1/2-1/2"]
[WhiteElo "2568"]
[BlackElo "2500"]

1.d4 Nf6 2.c4 g6 3.Nc3 d5 4.cxd5 Nxd5 5.e4 Nxc3 6.bxc3 Bg7 7.Bb5+ c6 8.Ba4 b5
9.Bb3 b4 10.Bb2 bxc3 11.Bxc3 O-O 12.Qd2 Na6 13.Ne2 Nc7 14.O-O Ba6 15.Rfd1 Bxe2
16.Qxe2 Nb5 17.Qc4 Nxc3 18.Qxc3 Rc8 19.e5 e6 20.f4 Qb6 21.Bc4 a5 22.Rab1 Qa7
23.h4 Rfd8 24.Qe3 Rc7 25.Rd3 Rcd7 26.Rbd1 Qb6 27.a3 Bf8 28.Kh2 Kg7 29.h5 Be7
30.Qf2 a4 31.g4 Bxa3 32.f5 exf5 33.gxf5 g5 34.h6+ Kf8 35.Qg1 f6 36.exf6 Bd6+
37.Kh1 Bf4 38.Rb1 Qa5 39.d5 a3 40.f7 Rd6 41.Qd4 Rxh6+ 42.Kg2 cxd5 43.Qh8+ Kxf7
44.Rxd5 Rxd5 45.Rb7+ Bc7 46.Bxd5+ Ke7 47.Qg7+ Kd8 48.Qxg5+ Kc8 49.Qg8+ Bd8
50.Rb1 Qc5 51.Kf1 Rh1+ 52.Bxh1 Qxf5+ 53.Ke2 Qc2+ 54.Ke3 Qxb1 55.Qe6+ Kb8
56.Qd6+ Kc8 57.Qe6+  1/2-1/2

[Event "ch-LTU"]
[Site "Vilnius LTU"]
[Date "2000.03.26"]
[Round "2"]
[White "Linauskas,D"]
[Black "Malisauskas,V"]
[Result "1/2-1/2"]
[WhiteElo "2323"]
[BlackElo "2525"]

1.d4 Nf6 2.c4 g6 3.Nc3 d5 4.cxd5 Nxd5 5.e4 Nxc3 6.bxc3 Bg7 7.Bc4 c5 8.Ne2 O-O
9.Be3 Nc6 10.Rc1 Qc7 11.O-O Rd8 12.Bf4 e5 13.Bg5 Rd6 14.Bd5 Be6 15.dxc5 Rd7
16.c4 Qa5 17.Qd2 Qxc5 18.Be3 Qe7 19.Rfd1 Rc8 20.Qb2 Rcd8 21.Qb5 Qh4 22.Qa4 Bh6
23.Bxh6 Qxh6 24.Rb1 Bg4 25.f3 Be6 26.Rd3 Qh4 27.Rdb3 Rc8 28.h3 Qe7 29.Qa3 b6
30.Qxe7 Rxe7 31.Rb5 Na5 32.c5 Bd7 33.c6 Bxc6 34.Bxc6 Rxc6 35.Kf2 f6 36.R5b2 Rd7
37.Ke1 Kf7 38.Rd2 Ke6 39.Rxd7 Kxd7 40.Kd2 Rd6+ 41.Ke1 Rd3 42.Rc1 Nb7 43.Nc3 Nc5
44.Ke2 Rd4 45.Nd5 f5 46.Nf6+ Ke7 47.Nxh7 fxe4 48.Ng5 Kf6 49.Nxe4+ Nxe4 50.fxe4 Rxe4+
51.Kf3 Ra4 52.Rc2 Kf5 53.g3 Ra3+ 54.Kg2 b5 55.Rf2+ Ke6 56.h4 e4 57.g4 b4
58.h5 gxh5 59.gxh5 Ra5 60.Rb2 Rg5+ 61.Kf1 a5 62.Rh2 Kf7 63.h6 Kg8 64.Kf2 Rd5
65.Ke3  1/2-1/2

[Event "21st Open A"]
[Site "Bled SLO"]
[Date "2000.03.27"]
[Round "3"]
[White "Bawart,M"]
[Black "Rogulj,B"]
[Result "0-1"]
[WhiteElo "2358"]
[BlackElo "2437"]

1.d4 Nf6 2.c4 g6 3.Nc3 d5 4.cxd5 Nxd5 5.e4 Nxc3 6.bxc3 Bg7 7.Nf3 c5 8.Rb1 O-O
9.Be2 Nd7 10.O-O b6 11.e5 cxd4 12.cxd4 Bb7 13.Bc4 Rc8 14.Bb3 e6 15.Ba3 Re8
16.Bd6 Bf8 17.d5 Bxd5 18.Bxd5 exd5 19.Qxd5 Nf6 20.Qb7 Qd7 21.Qa6 Bxd6 22.exd6 Rc5
23.Rbd1 Nd5 24.Rd4 Qxd6 25.Rfd1 Qc6 26.Qd3 Nc3 27.Re1 Ne2+ 28.Qxe2 Rxe2 29.Rxe2 Rc1+
30.Ne1 Qc3 31.Rde4 b5 32.g3 a5 33.R4e3 Qc6 34.Re5 Kg7 35.h4 a4 36.a3 Ra1
37.R2e3 b4 38.axb4 a3 39.Ra5 a2 40.Kh2 Qc4 41.Ng2 Qf1  0-1

[Event "21st Open A"]
[Site "Bled SLO"]
[Date "2000.04.01"]
[Round "8"]
[White "Belotelov,D"]
[Black "Novak,G"]
[Result "0-1"]
[WhiteElo "2280"]
[BlackElo "2094"]

1.d4 Nf6 2.c4 g6 3.Nc3 d5 4.cxd5 Nxd5 5.e4 Nxc3 6.bxc3 Bg7 7.Nf3 O-O 8.Ba3 Nd7
9.Be2 c5 10.O-O Qa5 11.Qb3 b6 12.Bb5 a6 13.Bc6 Ra7 14.Rab1 Rc7 15.d5 Bxc3
16.Rfc1 Bg7 17.Qe3 Nb8 18.Bxc5 bxc5 19.Rxb8 Bd7 20.Rxf8+ Bxf8 21.Ne5 Bxc6
22.Nxc6 Qxa2 23.Qxc5 Rb7 24.h4 Rb1 25.Ne5 Bh6 26.Qxe7 Rxc1+ 27.Kh2 Qxf2  0-1